Kế toán chi phí : Lý thuyết và bài tập
Nội dung sách gồm 2 phần: Phần 1: Tóm tắt lý thuyết và giới thiệu bài tập của từng chương, theo đúng thứ tự và nội dung của môn học Kế toán chi phí. Phần bài tập bao gồm bài tập trắc nghiệm giúp hiểu rõ hơn về lý thuyết và các bài...
محفوظ في:
| المؤلف الرئيسي: | |
|---|---|
| التنسيق: | كتاب |
| اللغة: | Undetermined |
| منشور في: |
Hà Nội
Thống kê
2008
|
| الموضوعات: | |
| الوسوم: |
إضافة وسم
لا توجد وسوم, كن أول من يضع وسما على هذه التسجيلة!
|
| Thư viện lưu trữ: | Trung tâm Học liệu Trường Đại học Cần Thơ |
|---|
| LEADER | 01060nam a2200217Ia 4500 | ||
|---|---|---|---|
| 001 | CTU_140186 | ||
| 008 | 210402s9999 xx 000 0 und d | ||
| 020 | |c 45500 | ||
| 082 | |a 657.42 | ||
| 082 | |b Tr561 | ||
| 100 | |a Bùi, Văn Trường | ||
| 245 | 0 | |a Kế toán chi phí : | |
| 245 | 0 | |b Lý thuyết và bài tập | |
| 245 | 0 | |c Bùi Văn Trường | |
| 260 | |a Hà Nội | ||
| 260 | |b Thống kê | ||
| 260 | |c 2008 | ||
| 520 | |a Nội dung sách gồm 2 phần: Phần 1: Tóm tắt lý thuyết và giới thiệu bài tập của từng chương, theo đúng thứ tự và nội dung của môn học Kế toán chi phí. Phần bài tập bao gồm bài tập trắc nghiệm giúp hiểu rõ hơn về lý thuyết và các bài tập thực hành; Phần 2: Bài giải của các bài tập. | ||
| 650 | |a Cost accounting,Kế toán chi phí | ||
| 904 | |i Trọng Hải | ||
| 980 | |a Trung tâm Học liệu Trường Đại học Cần Thơ | ||